Statistics for Årets Hjemmesnekk deltagere 2024 (Easy)

Click here to take the quiz!

General Stats

  • This quiz has been taken 91 times
  • The average score is 12 of 14

Answer Stats

HintAnswer% Correct
2.Plass
Stabekk Jenter
Kiss
100%
3.Plass
OHG Gutter
Madrugada
100%
1.Plass
Eikeli Gutter
Piruss
100%
5.Plass
Stabekk Gutter
Pikenes Jens
99%
11.Plass
Nesbru Gutter
Stag
96%
6.Plass
Jenter (Vandre)
Eight
89%
9.Plass
Oppegård Gutter
Latham
89%
8.Plass
Follo Gutter
Haraball
88%
4.Plass
Oppegård Jenter
Ladyac
85%
7.Plass
Sandvika Gutter
Trouble Man
85%
14.Plass
Bergen Gutter
Mujaffas
83%
10.Plass
Sandvika Jenter
Pirelli
75%
13.Plass
Drammen Jenter
Rizzetid
74%
12.Plass
Nesodden Gutter
Stuntmæn
69%

Score Distribution

Percentile by Number Answered

Percent of People with Each Score

Your Score History

You have not taken this quiz